250 лучших фильмов по версии КиноПоиска - Statistics

General Stats
  • This quiz has been taken 49 times
  • The average score is 24 of 250
Answer Stats
Hint Answer % Correct
45 1997 Титаник
63%
1 2011 1+1
56%
3 1994 Побег из Шоушенка
51%
2 2014 Интерстеллар
42%
13 1999 Бойцовский клуб
42%
125 2009 Аватар
42%
5 1999 Зелёная миля
40%
15 2010 Начало
40%
33 1972 Крёстный отец
40%
228 1984 Терминатор
37%
8 1994 Форрест Гамп
35%
26 1997 Брат
35%
16 1994 Криминальное чтиво
33%
27 2013 Волк с Уолл-стрит
33%
209 2002 Человек-паук
33%
85 2019 Паразиты
30%
28 1968 Бриллиантовая рука
28%
36 1985 Назад в будущее
28%
114 1998 Такси
28%
14 2000 Гладиатор
26%
21 1994 Леон
26%
44 1999 Матрица
26%
48 2001 Гарри Поттер и философский камень
26%
58 2004 Гарри Поттер и узник Азкабана
26%
99 2002 Гарри Поттер и тайная комната
26%
186 1997 Игра
26%
29 2000 Брат 2
26%
10 2018 Зелёная книга
23%
22 1993 Список Шиндлера
23%
31 1997 Пятый элемент
23%
59 2009 Бесславные ублюдки
23%
64 1990 Один дома
23%
153 1979 Чужой
23%
4 2019 Джентльмены
21%
6 2009 Остров проклятых
21%
63 1995 Семь
21%
133 2005 Гарри Поттер и кубок огня
21%
169 1979 Сталкер
21%
195 2003 Убить Билла
21%
197 2009 Гарри Поттер и принц-полукровка
21%
11 2001 Властелин колец: Братство кольца
19%
12 2001 Унесённые призраками
19%
17 1939 Унесённые ветром
19%
19 2002 Властелин колец: Две крепости
19%
24 1961 Девчата
19%
50 1972 А зори здесь тихие
19%
82 1973 Иван Васильевич меняет профессию
19%
147 1990 Молчание ягнят
19%
247 1986 Чужие
19%
141 1974 Крёстный отец 2
19%
18 1965 Операция "Ы" и другие приключения Шурика
16%
23 2008 Тёмный рыцарь
16%
71 2002 Война
16%
74 2006 Апокалипсис
16%
130 2019 Мстители: Финал
16%
171 2019 Джокер
16%
182 2008 Железный человек
16%
219 1998 Спасти рядового Райана
16%
237 1997 Люди в чёрном
16%
7 2003 Властелин колец: Возвращение короля
14%
95 2001 Игры разума
14%
178 2016 Экипаж
14%
240 1979 Апокалипсис сегодня
14%
242 1991 Бешеные псы
14%
69 1971 12 стульев
14%
20 1997 Достучаться до небес
12%
30 1988 Собачье сердце
12%
43 1985 Иди и смотри
12%
53 2006 Отступники
12%
90 1975 Афоня
12%
92 1992 Шоу Трумана
12%
126 2018 Мстители: Война бесконечности
12%
131 2016 Ла-ла Ленд
12%
192 2012 Охота
12%
199 2004 Вечное сияние чистого разума
12%
206 2007 Старикам тут не место
12%
222 1953 Римские каникулы
12%
231 2017 Таксист
12%
98 2013 12 лет рабства
12%
9 1991 Терминатор 2: Судный день
12%
35 2000 Большой куш
9%
37 2002 Поймай меня, если сможешь
9%
41 1998 Карты, деньги, два ствола
9%
46 2012 Джанго освобождённый
9%
49 2006 Престиж
9%
51 2002 Пианист
9%
56 2004 Малышка на миллион
9%
60 2019 Достать ножи
9%
80 2001 Реквием по мечте
9%
84 2016 По соображениям совести
9%
87 1982 Вокзал для двоих
9%
97 1977 Мимино
9%
150 2004 Страсти Христовы
9%
158 2003 Олдбой
9%
172 1975 Пролетая над гнездом кукушки
9%
193 2016 Лев
9%
218 1970 Белорусский вокзал
9%
226 1995 Казино
9%
232 2000 Изгой
9%
245 2017 Три билборда на границе Эббинга, Миссури
9%
168 1989 Назад в будущее 2
9%
25 2017 Тайна Коко
7%
34 2001 Шрэк
7%
38 1966 Кавказская пленница, или Новые приключения Шурика
7%
47 2008 Хатико: Самый верный друг
7%
73 2013 Одержимость
7%
86 2009 Законопослушный гражданин
7%
94 1975 Не может быть!
7%
106 1984 Жестокий романс
7%
107 2017 Огонь
7%
115 1997 Адвокат дьявола
7%
135 2006 Пираты Карибского моря: Сундук мертвеца
7%
136 2010 Король говорит!
7%
137 2004 Троя
7%
138 2014 Исчезнувшая
7%
139 1997 Принцесса Мононоке
7%
142 1989 Общество мёртвых поэтов
7%
163 2001 Амели
7%
175 2024 Граф Монте-Кристо
7%
184 1979 Гараж
7%
188 1982 Нечто
7%
191 1986 Курьер
7%
204 1966 Берегись автомобиля
7%
227 1964 Добро пожаловать, или Посторонним вход воспрещён
7%
235 2014 Хоббит: Битва пяти воинств
7%
248 2013 Хоббит: Пустошь Смауга
7%
250 1983 Лицо со шрамом
7%
111 1956 12 разгневанных мужчин
7%
42 2001 Трасса 60
7%
32 2016 Дангал
5%
52 2003 Пираты Карибского моря: Проклятие Чёрной жемчужины
5%
77 1957 Летят журавли
5%
89 2010 Пожары
5%
91 2003 Догвилль
5%
93 1986 Кин-дза-дза!
5%
96 2005 Гордость и предубеждение
5%
110 2012 Лучшее предложение
5%
112 1959 Судьба человека
5%
119 2014 Дурак
5%
121 2025 Как приручить дракона
5%
146 1956 Карнавальная ночь
5%
149 1982 Покровские ворота
5%
155 2003 Реальная любовь
5%
164 2004 Дневник памяти
5%
166 1990 Славные парни
5%
176 2012 Хоббит: Нежданное путешествие
5%
180 1999 Красота по-американски
5%
183 2008 Миллионер из трущоб
5%
208 2016 Твоё имя
5%
211 1999 Шестое чувство
5%
212 2005 Иллюзионист
5%
223 2011 Прислуга
5%
229 2013 Далласский клуб покупателей
5%
230 2011 Один день
5%
234 1993 День сурка
5%
241 2013 Пленницы
5%
243 1979 Осенний марафон
5%
246 2007 Нефть
5%
129 2012 Легенда №17
5%
40 2024 Дикий робот
2%
54 2004 Хористы
2%
57 2010 Брестская крепость
2%
62 2017 Дело храбрых
2%
65 2015 Вторая жизнь Уве
2%
68 1975 Они сражались за Родину
2%
70 1979 Шерлок Холмс и доктор Ватсон: Знакомство
2%
76 1980 Укрощение строптивого
2%
78 2015 Омерзительная восьмёрка
2%
101 2001 Планета Ка-Пэкс
2%
103 1985 Самая обаятельная и привлекательная
2%
113 1999 Ворошиловский стрелок
2%
117 2013 Гонка
2%
120 2002 Жизнь Дэвида Гейла
2%
132 1969 Белое солнце пустыни
2%
140 1980 Приключения Шерлока Холмса и доктора Ватсона: Король шантажа
2%
144 1995 Особенности национальной охоты
2%
145 2015 Век Адалин
2%
151 2007 Искупление
2%
152 2008 Загадочная история Бенджамина Баттона
2%
154 1980 Вам и не снилось...
2%
167 2017 Чудо
2%
177 2003 Эффект бабочки
2%
181 1963 Три плюс два
2%
187 2014 Игра в имитацию
2%
194 1961 Вечера на хуторе близ Диканьки
2%
198 1998 Американская история икс
2%
201 1976 Игрушка
2%
202 2015 Выстрел в пустоту
2%
203 1980 Шерлок Холмс и доктор Ватсон: Смертельная схватка
2%
210 2006 В погоне за счастьем
2%
215 2011 Воин
2%
216 2007 Пираты Карибского моря: На краю света
2%
221 2010 О чём говорят мужчины
2%
225 1987 Акира
2%
233 1980 Приключения Шерлока Холмса и доктора Ватсона: Охота на тигра
2%
236 1947 Эта замечательная жизнь
2%
239 2000 Чего хотят женщины?
2%
244 2001 Другие
2%
249 2017 Как прогулять школу с пользой
2%
79 2004 Шрэк 2
2%
39 2001 В августе 44-го
2%
61 2025 F1
2%
108 2011 Гарри Поттер и дары смерти: Часть II
2%
55 2019 Крик тишины
0%
66 2025 Пеле: Рождение легенды
0%
67 2024 Атака титанов: Последняя атака
0%
75 1984 Деревья на асфальте
0%
81 2005 Счастливое число Слевина
0%
83 2020 Подольские курсанты
0%
100 2011 Область тьмы
0%
102 2024 Диодорова. Против течения
0%
104 1987 Холодное лето пятьдесят третьего...
0%
105 2004 Алёша Попович и Тугарин Змей
0%
109 2013 Лекарь: Ученик Авиценны
0%
116 2022 Великолепная поездка
0%
118 2024 Поток
0%
122 2023 Одна жизнь
0%
123 2018 Отель Мумбаи: Противостояние
0%
124 2025 Нэчжа побеждает Царя драконов
0%
127 2019 Балканский рубеж
0%
128 2012 Невозможное
0%
134 2019 Клаус
0%
148 2019 Счастье в конверте
0%
156 1979 Шерлок Холмс и доктор Ватсон: Кровавая надпись
0%
157 2000 Приходи на меня посмотреть
0%
160 2019 Дело Коллини
0%
161 2014 Отель "Гранд Будапешт"
0%
162 2016 Опасная игра Слоун
0%
165 2012 Тёмный рыцарь: Возрождение легенды
0%
170 2023 Белая птица: Новое чудо
0%
173 2015 Ученик чудовища
0%
174 1979 Тот самый Мюнхгаузен
0%
179 2020 Пальма
0%
185 2017 Мотылёк
0%
189 1993 Бронкская история
0%
190 1973 Калина красная
0%
200 2025 Роднина
0%
205 | 207 2025 Группа крови
0%
213 2024 Боб Тревино поставил лайк
0%
214 1968 На войне как на войне
0%
217 1968 Освобождение: Огненная дуга
0%
220 2016 Невидимый гость
0%
224 2000 Билли Эллиот
0%
238 2005 Константин: Повелитель тьмы
0%
88 2017 Приключения Паддингтона 2
0%
196 1992 Один дома 2: Затерянный в Нью-Йорке
0%
143 2005 Звёздные войны: Эпизод 3 - Месть ситхов
0%
159 2019 Ford против Ferrari
0%
72 2005 Самый быстрый Indian
0%
No matching quizzes found
Score Distribution
Percent of People with Each Score
Percentile by Number Answered
Your Score History
You have not taken this quiz